| 000 | 00905cab a22002295a 4500 | ||
|---|---|---|---|
| 001 | E144624 | ||
| 008 | 080731c2001 stkfr df s 000 0 eng u | ||
| 035 | _a(Sirsi) u144624 | ||
| 041 | _aeng | ||
| 050 | 0 | 4 | _a333.33 $2 18 |
| 110 | 2 |
_aRyden _92067 |
|
| 245 | 0 | 0 |
_aScottish property review _h[electronic resource] |
| 260 |
_aEdinburgh _bRyden _c2001- |
||
| 362 | 0 | _a(48) April 2001- | |
| 520 | _aIncludes information on the economy and planning, as well as details of the investment market and retail, office and industrial property. | ||
| 520 | _aLibrary also holds hard copies of some of the reports (catalogued individually). | ||
| 554 | _aTwo per year | ||
| 651 | 4 |
_aScotland _y1999- |
|
| 690 | _aPROPERTY-COMMERCIAL PROPERTY-COMMERCIAL PROPERTY MARKET | ||
| 856 | 4 | 1 |
_uhttps://www.ryden.co.uk/News/scottishPropertyReview.php _zView the reports free of charge at www.ryden.co.uk... |
| 942 | _n0 | ||
| 999 |
_c119193 _d119193 |
||